POETRY MAGIC (Record no. 3894)
[ view plain ]
| 000 -LEADER | |
|---|---|
| fixed length control field | 00232nam a22001217a 4500 |
| 082 ## - DEWEY DECIMAL CLASSIFICATION NUMBER | |
| Classification number | 821 |
| Item number | DAR/P |
| 100 ## - MAIN ENTRY--AUTHOR NAME | |
| Personal name | DARUWALLA, KEKI N |
| 245 ## - TITLE STATEMENT | |
| Title | POETRY MAGIC |
| 260 ## - PUBLICATION, DISTRIBUTION, ETC. (IMPRINT) | |
| Name of publisher | RATNA SAGAR |
| 300 ## - PHYSICAL DESCRIPTION | |
| Number of Pages | 72 |
| 650 ## - SUBJECT ADDED ENTRY--TOPICAL TERM | |
| Topical Term | POETRY |
| 942 ## - ADDED ENTRY ELEMENTS (KOHA) | |
| Koha item type | Books |
| Withdrawn status | Lost status | Collection code | Home library | Current library | Shelving location | Date acquired | Source of acquisition | Full call number | Accession Number | Koha item type |
|---|---|---|---|---|---|---|---|---|---|---|
| Non-fiction | Main Library | Main Library | SHELF-16D -ENGLISH GRAMMAR ,POEMS | 06/05/2016 | PURCHASE | 821 DAR/P | 04261 | Books | ||
| Non-fiction | Main Library | Main Library | SHELF-16D -ENGLISH GRAMMAR ,POEMS | 04/05/2017 | PURCHASE | 821 DAR/P | 09465 | Books |